| 000 | 01122cam a2200217 4500 | ||
|---|---|---|---|
| 001 | WB3710-14 | ||
| 008 | 000000n2001 000 0 eng u | ||
| 035 | _a(Sirsi) u111325 | ||
| 245 | _aRICS to launch energy checklist | ||
| 260 | _c2001 | ||
| 490 |
_aCSM (Chartered Surveyor Monthly) _vMarch 2001, 26(2) |
||
| 520 | _aIn April 2001 RICS will launch an energy efficiency checklist that surveyors will be able to use to help their clients reduce energy consumption in non-residential buildings. Guidance notes showing how to complete the form will ensure that all competent surveyors will be able to conduct the exercise. The aim of the checklist is to concentrate on those matters a building owner and occupier can influence. The checklist will be downloadable from the RICS website from early April. | ||
| 590 | _aWB | ||
| 650 | _aROYAL INSTITUTION OF CHARTERED SURVEYORS | ||
| 650 | _aDETR | ||
| 650 | _aENERGY EFFICIENCY CHECKLIST | ||
| 650 | _aENERGY CONSUMPTION | ||
| 650 | _aNON-RESIDENTIAL PROPERTY | ||
| 690 | _aENVIRONMENTAL AND LAND CONSULTANCY-ENERGY-ENERGY USE-ENERGY EFFICIENCY | ||
| 942 | _n0 | ||
| 999 |
_c66339 _d66339 |
||